| 000 | 00858nam a2200217 i 4500 | ||
|---|---|---|---|
| 001 | 35895 | ||
| 003 | ES-MaACL | ||
| 005 | 20230906155234.0 | ||
| 007 | t| | ||
| 008 | 150623s1961 fr d ||||1| fre d | ||
| 080 | _a(038)=14=133.1 | ||
| 100 | 1 |
_aBailly, Anatole. _924712 |
|
| 245 | 1 | 0 |
_aDictionnaire grec-français / _cA. Bailly ; redigé avec le concours de E. Egger ; édition revue par L. Séchan et P. Chantraine ; avec en fin du volume, de nouvelles notices de mythologie et de religion. |
| 260 |
_aParis : _bLibrairie Hachette, _c[1961] |
||
| 300 |
_aXXXI, 2200, 28 p. ; _c25 cm. |
||
| 650 | 4 |
_aLengua griega- _vDiccionarios- _xFrancés. _9157111 |
|
| 700 | 1 |
_aSechan, Louis ( _d1882-1968) _9157112 |
|
| 700 | 1 |
_aEgger, Emile. _946721 |
|
| 700 | 1 |
_aChantraine, Pierre. _937988 |
|
| 852 | 4 |
_aES-MaACL _jE-15696 _z- Biblioteca Jacinto Martínez Lacalle |
|
| 999 |
_c35895 _d35895 |
||